| 000 | 00975nam a22003257a 4500 | ||
|---|---|---|---|
| 001 | 0039560 | ||
| 003 | KOHA_MİRAKIL | ||
| 005 | 20260207003133.0 | ||
| 007 | ta | ||
| 008 | 130220b2003 enka|||gr||||#0|||1|eng | | ||
| 020 |
_a8853000740 _q(set) |
||
| 020 |
_a 8853000732 _q(book) |
||
| 040 |
_aTR-BiSEU _btur _cTR-BiSEU _erda |
||
| 041 | 0 | _aeng | |
| 044 | _cenk | ||
| 050 |
_aPE1128.W55 _bI54 2003 |
||
| 100 | 1 | _aWilde, Oscar. | |
| 245 | 1 | 4 |
_aThe canterville ghost/ _cOscar Wilde ; Oscar Wilde ; text adaptation, notes and activities by Derek Sellen. |
| 264 | 1 |
_aGenoa : _bBlack Cat _c2003 |
|
| 300 |
_a128 p. : _bill. + _e1 compact disc (ca. 60 min.) |
||
| 336 |
_ametin _btxt _2rdacontent |
||
| 337 |
_aaracısız _bn _2rdamedia |
||
| 338 |
_acilt _bnc _2rdacarrier |
||
| 490 | 0 | _aReading and training . | |
| 490 | 0 | _aElementary | |
| 830 | 0 |
_aReading and training . _973518 |
|
| 830 | 0 |
_aElementary _973517 |
|
| 907 | _aDil ve Edebiyat | ||
| 942 |
_2lcc _cBK |
||
| 999 |
_c39438 _d39438 |
||